000 00392nam a2200145Ia 4500
008 221007s9999 xx 000 0 und d
041 _aeng
082 _bPAt
100 _aPathade Kiran - 2K111111 & Prof. Manasi Javadekar - Guide
_9101895
245 2 _aA Quality of Work Life
260 _c2013
_bPune University
_aMumbai
300 _a72p
520 _aJavadekar Manasi
906 _bGeneral
999 _c69050
_d69050